000 00791cam a22001935a 4500
001 ##J100740
008 000000s1911 000 0 eng u
035 _a(Sirsi) u100740
041 0 _aeng
050 0 4 _a333.0062 $2 18
110 2 _aSurveyors' Institution
_bIncorporated Benevolent Fund
_94853
245 0 4 _aThe Incorporated Benevolent Fund of the Surveyors' Institution
_bcommittee's report and balance sheet for the year 1910-1911
_bto 30th June 1911
260 _a[S.l.]
_b[s.n.]
_c1911
300 _a11p.
_c21cm.
520 _aContains a report of the institution proceedings, financial statements and a list of contributors.
651 4 _aGreat Britain
_y1707-
690 _aABOUT RICS-RICS STRUCTURE AND GOVERNANCE-RICS CORPORATE MANAGEMENT-RICS FINANCIAL MANAGEMENT
942 _n0
999 _c99790
_d99790